000 00481nam a2200181Ia 4500
008 151121s9999||||xx |||||||||||||| ||und||
082 _a813-/ठकार
082 _bHNW-46608
100 _aठकार अंजलि
245 _aआभाळरंग
260 _c--
300 _a218
600 _aठकार अंजलि
630 _aआभाळरंग
700 _aठकार अंजलि
730 _aआभाळरंग
942 _cBOOK
999 _c1233102
_d1233099